| 000 | 00617nam a2200217Ia 4500 | ||
|---|---|---|---|
| 003 | OSt | ||
| 005 | 20250530152514.0 | ||
| 008 | 210210b1981 xxu||||| |||| 00| 0 eng d | ||
| 040 | _cAL | ||
| 041 | _aKannada | ||
| 082 | _aK894.3 VASP | ||
| 100 |
_aVASIREDDI SITADEVI _dವಾಸಿರೆಡ್ಡಿ ಸೀತಾದೇವಿ _9211887 |
||
| 245 |
_aPratikara _bಪ್ರತೀಕಾರ |
||
| 260 |
_aBengaluru _bPrajna Prakashana _c1981 |
||
| 300 | _a135 | ||
| 650 |
_aSampat _9211888 |
||
| 690 |
_aKannada Fiction _9211889 |
||
| 700 |
_aSampat _dಸಂಪತ್ tr _9211890 |
||
| 906 | _a036277 | ||
| 942 |
_2ddc _cBK |
||
| 999 |
_c86778 _d86778 |
||